Čtení s porozuměním 4 : z deníku myšáka Huberta /

Hlavní autor: Albrechtová, Lada
Další autoři: Bartoš, David, Pavlíčková, Lucie, Linhartová, Monika
Jazyk: Čeština
Vydáno: Praha : Taktik, 2016
Vydání: 1. vydání
Edice: Edice na doma
Témata:
Fyzický popis: 83 stran : barevné ilustrace ; 24 cm + 1 CD-ROM (test znalostí) + test bezpečnosti na internetu + desatero základů bezpečnosti práce na počítači + mapa Evropy
Knihy
Uloženo v:
LEADER 02574cam a2200697 i 4500
001 nkc20172895434
003 CZ PrNK
005 20171214083805.0
007 ta
008 170407s2016 xr a c p 000 0 cze d
015 |a cnb002895434 
020 |a 978-80-7563-040-7  |q (brožováno) 
035 |a (OCoLC)993638000 
040 |a OSA001  |b cze  |d BOA001  |e rda 
072 7 |a 82  |x Literatura. Literární život  |2 Konspekt  |9 11 
072 7 |a 37.016  |x Učební osnovy. Vyučovací předměty. Učebnice  |2 Konspekt  |9 22 
080 |a 37.016:028-028.31  |2 MRF 
080 |a 81'23  |2 MRF 
080 |a 82:37.016  |2 MRF 
080 |a (076.1)  |2 MRF 
080 |a (075)028  |2 MRF 
080 |a (075.2)  |2 MRF 
100 1 |a Albrechtová, Lada  |7 xx0110298  |4 aut 
245 1 0 |a Čtení s porozuměním 4 :  |b z deníku myšáka Huberta /  |c autoři: Lada Albrechtová, David Bartoš, Lucie Pavlíčková, Monika Linhartová 
246 3 0 |a Z deníku myšáka Huberta 
250 |a 1. vydání 
264 1 |a Praha :  |b Taktik,  |c 2016 
300 |a 83 stran :  |b barevné ilustrace ;  |c 24 cm +  |e 1 CD-ROM (test znalostí) + test bezpečnosti na internetu + desatero základů bezpečnosti práce na počítači + mapa Evropy 
336 |a text  |b txt  |2 rdacontent 
336 |a kartografický obraz  |b cri  |2 rdacontent 
337 |a bez média  |b n  |2 rdamedia 
337 |a počítač  |b c  |2 rdamedia 
338 |a svazek  |b nc  |2 rdacarrier 
338 |a počítačový disk  |b cd  |2 rdacarrier 
490 1 |a Edice na doma 
500 |a Název z obálky 
504 |a Obsahuje bibliografii 
521 8 |a Pro 4. ročník ZŠ 
650 0 7 |a čtení  |7 ph128190  |2 czenas 
650 0 7 |a porozumění (lingvistika)  |7 ph196651  |2 czenas 
650 0 7 |a literární výchova  |7 ph117228  |2 czenas 
650 0 9 |a reading  |2 eczenas 
650 0 9 |a comprehension  |2 eczenas 
650 0 9 |a literary education  |2 eczenas 
655 7 |a pracovní sešity  |7 fd133116  |2 czenas 
655 7 |a čítanky  |7 fd133984  |2 czenas 
655 7 |a učebnice základních škol  |7 fd133773  |2 czenas 
655 9 |a activity books  |2 eczenas 
655 9 |a readers  |2 eczenas 
655 9 |a textbooks (elementary)  |2 eczenas 
700 1 |a Bartoš, David  |4 aut 
700 1 |a Pavlíčková, Lucie  |4 aut 
700 1 |a Linhartová, Monika  |7 jo2016914399  |4 aut 
830 0 |a Edice na doma  |0 s 
910 2 |a BOA001  |b 2-1390.463 
920 |a 000711308  |z OSA001 
928 9 |a Taktik International 
990 |a BK 
995 |a 01 
991 |b 201706  |c NOV 
996 6 |b 2610710345  |c 2-1390.463  |l MZK  |r Sklad / do 1 hodiny  |n 1  |p p.v.  |w 001615585  |u 000010  |a 1  |e BOA001  |j MZK50  |s P